000 00521nam a2200193Ia 4500
005 20260120130853.0
008 008 260114s9999 xx 000 0 eng d
020 _a9780199932160
037 _aEBOOK
040 _aCRL
_beng
_cCRL
041 _aeng
_2eng
084 _qCRL
100 _aMcBride
_9920217
245 4 _aThe Church for the World
260 _bOxford University PressOxford University Press
_c2012
856 _uhttps://academic.oup.com/book/8464
942 _cEBOOK
999 _c1512123
_d1512123